Compatibility and stability /
Guardado en:
| Autor Principal: | |
|---|---|
| Formato: | Libro |
| Idioma: | English |
| Publicado: |
Murcia :
Universidad de Murcia,
1990.
|
| Series: | Notas de matemática (Murcia, España) ;
v. 3. |
| Etiquetas: |
Agregar Etiqueta
Sin Etiquetas, Sea el primero en etiquetar este registro!
|
| LEADER | 00946nam a2200205 a 4500 | ||
|---|---|---|---|
| 001 | MAT.inmabb006755 | ||
| 008 | 120925s1990####sp#######b####001#0#eng## | ||
| 005 | 20130206161728.0 | ||
| 245 | 1 | 0 | |a Compatibility and stability / |c A. Verschoren. |
| 260 | |a Murcia : |b Universidad de Murcia, |c 1990. | ||
| 300 | |a xii, 79 p. ; |c 24 cm. | ||
| 490 | 1 | |a Notas de matemática ; |v v. 3 | |
| 504 | |a Incluye referencias bibliográficas (p. [76]-79) e índice. | ||
| 505 | 0 | |a 1. Giraud subcategories and localization -- 2. The commutative theory -- 3. Stability in Grothendieck categories -- 4. Compatibility in Grothendieck categories -- 5. Stability in module categories -- 6. Relative derived functors -- 7. Sheaf theoretic interpretation. | |
| 510 | 4 | |a MR, |c 92c:18012 | |
| 020 | |a 8476849346 | ||
| 100 | 1 | |a Verschoren, A., |d 1954- | |
| 830 | 0 | |a Notas de matemática (Murcia, España) ; |v v. 3. | |
| 084 | |a 18E40 (18E15) |2 msc2000 | ||
| 859 | |h 18 |i V561 |p A-6917 |b BIB. MATEMATICA | ||
